Top 3 NBA 2K18 Players by College: Mountain West - Statistics

General Stats
  • This quiz has been taken 13 times
  • The average score is 5 of 12
Answer Stats
College Player Rating % Correct
Fresno State Paul George 91
85%
San Diego State Kawhi Leonard 95
69%
Fresno State Tyler Johnson 77
69%
Wyoming Larry Nance, Jr. 77
62%
UNLV Derrick Jones, Jr. 70
54%
Colorado State Jason Smith 73
46%
Nevada JaVale McGee 76
31%
New Mexico Tony Snell 75
23%
Nevada Luke Babbitt 70
15%
UNLV Patrick McCaw 73
15%
Nevada Ramon Sessions 73
15%
UNLV Rashad Vaughn 70
8%
No matching quizzes found
Score Distribution
Percent of People with Each Score
Percentile by Number Answered
Your Score History
You have not taken this quiz